Loading...
Kamayani: rachana prakriya ke pariprekshya mem
| Hovedforfatter: | |
|---|---|
| Format: | Printed Book |
| Udgivet: |
Gaziabad, Amith Prakasan
1988
|
| Fag: |
| LEADER | 005520000a22001810004500 | ||
|---|---|---|---|
| 022 | |a 25-07-2004 | ||
| 041 | |a Hindi | ||
| 082 | |a 891.431 009 KAM M8 | ||
| 100 | |a Sharma, Harish |f Ed | ||
| 245 | |a Kamayani: rachana prakriya ke pariprekshya mem | ||
| 260 | |a Gaziabad, Amith Prakasan | ||
| 260 | |c 1988 | ||
| 650 | |a Criticism | ||
| 650 | |a Hindi literature | ||
| 650 | |a Poetry | ||
| 942 | |c BK | ||
| 999 | |c 145568 |d 145564 | ||
| 952 | |0 0 |1 0 |4 0 |6 891_431000000000000_009_KAM_M8 |7 0 |9 144341 |a SCC |b SCC |d 2017-10-11 |l 0 |o 891.431 009 KAM M8 |p SCC05868 |r 2017-10-11 |w 2017-10-11 |y BK | ||